| 000 | 00543nam a22001937a 4500 | ||
|---|---|---|---|
| 003 | OSt | ||
| 005 | 20240216104945.0 | ||
| 008 | 170613t xxu||||| |||| 00| 0 eng d | ||
| 020 | _a9789881619563 | ||
| 040 | _c0 | ||
| 082 |
_a720.92 _bRIE |
||
| 100 | 1 | 0 |
_aRiera Ojeda, Oscar _9120638 |
| 245 | 1 | 0 |
_aCampo Baeza : _bcomplete works. |
| 260 |
_bOscar Riera Ojeda, _c2015. |
||
| 300 |
_a623 p.: _bill; _c32 cm. |
||
| 650 |
_aArchitecture, Modern _932028 |
||
| 650 |
_aArchitecture, Spanish _9120639 |
||
| 942 |
_2ddc _cBK _aSADA _kREF 720.92 RIE 2015 |
||
| 999 |
_c607814 _d607814 |
||